| 000 | 00737cam a22002533a 4500 | ||
|---|---|---|---|
| 001 | 31721 | ||
| 003 | PGUSA | ||
| 005 | 20140828083703.0 | ||
| 008 | 100321s2010||||xxu|||||s|||||000 | eng d | ||
| 040 |
_aPGUSA _beng |
||
| 042 | _adc | ||
| 050 | 4 | _aHV | |
| 100 | 1 | _aMartin, Frances | |
| 245 | 1 | 0 |
_aElizabeth Gilbert and Her Work for the Blind _h[electronic resource] / _cFrances Martin |
| 260 |
_bProject Gutenberg, _c2010 |
||
| 506 | _aPublic domain in the USA. | ||
| 516 | _aElectronic text | ||
| 653 | _aBlind -- Education | ||
| 653 | _aBlind -- Employment | ||
| 653 | _aGilbert, Elizabeth Margaretta Maria, 1826-1885 | ||
| 830 | 0 |
_aProject Gutenberg _v31721 |
|
| 856 | 4 | 0 | _uhttp://www.gutenberg.org/ebooks/31721 |
| 942 | _cEB | ||
| 999 |
_c260976 _d260976 |
||